The TQM transformation : a model for organizational change

Bibliographic Details
Other Authors: Persico, John
Format: Book
Published: New York : Quality Resources , 1992
Series:Includes case studies
Subjects:

MARC

LEADER 00000cam a2200000 7i4500
001 0000001183
002 000001305
005 .0
020 |a 0527916544 
090 0 0 |a 658.562   |b TOT 
245 0 4 |a The TQM transformation :   |b a model for organizational change   |c edited by John Persico, Jr 
260 |a New York :   |b Quality Resources ,   |c 1992 
300 |a 195p ;   |c 24cm. 
490 0 |a Includes case studies 
650 0 0 |a Total quality management 
700 1 |a Persico, John 
999 |a 030838   |b BUKU   |c PINJAMAN   |e PERPUSTAKAAN KOMUNITI PETALING JAYA